000
00251nam a22000977a 4500
999
_c
516577
_d
516577
082
_a
TNC D2 Ag15
100
_a
Agarwal, H. O.
_9
23107
245
_a
International law
_c
by H. O. Agarwal
260
_a
Allahabad
_b
Allahabad law agency
_c
1987
300
_a
622p.